Granny's teacakes, grab'led 'taters, and a gillion twice-told tales / (Record no. 2170)

000 -LEADER
fixed length control field 01049nam a22003137a 4500
001 - CONTROL NUMBER
control field 1629612
003 - CONTROL NUMBER IDENTIFIER
control field OSt
005 - DATE AND TIME OF LATEST TRANSACTION
control field 20210414094408.0
008 - FIXED-LENGTH DATA ELEMENTS--GENERAL INFORMATION
fixed length control field 951208s1994 alua 000 0 eng
010 ## - LIBRARY OF CONGRESS CONTROL NUMBER
LC control number 95232424
020 ## - INTERNATIONAL STANDARD BOOK NUMBER
International Standard Book Number 0964239701
040 ## - CATALOGING SOURCE
Original cataloging agency DLC
Transcribing agency DLC
Modifying agency DLC
Language of cataloging eng
041 ## - LANGUAGE CODE
Language code of text/sound track or separate title eng
043 ## - GEOGRAPHIC AREA CODE
Geographic area code n-us-al
050 00 - LIBRARY OF CONGRESS CALL NUMBER
Classification number F326.6
Item number .B76 1994
080 ## - UNIVERSAL DECIMAL CLASSIFICATION NUMBER
Universal Decimal Classification number 821.111
Item number B-89
082 00 - DEWEY DECIMAL CLASSIFICATION NUMBER
Classification number 976.1
Edition number 20
100 1# - MAIN ENTRY--PERSONAL NAME
Personal name Brown, Faye,
Dates associated with a name 1934-
245 10 - TITLE STATEMENT
Title Granny's teacakes, grab'led 'taters, and a gillion twice-told tales /
Statement of responsibility, etc. Faye Brown ; illustrations by Trill[i]e Brown.
Remainder of title / by: Pot Likker Press
260 ## - PUBLICATION, DISTRIBUTION, ETC.
Place of publication, distribution, etc. Moundville, AL
Name of publisher, distributor, etc. Pot Likker Press
Date of publication, distribution, etc. c1994.
300 ## - PHYSICAL DESCRIPTION
Extent 233 p.
Other physical details ill.
Dimensions 18 cm.
650 #0 - SUBJECT ADDED ENTRY--TOPICAL TERM
Topical term or geographic name entry element Cooking, American.
650 #0 - SUBJECT ADDED ENTRY--TOPICAL TERM
Topical term or geographic name entry element English literature
9 (RLIN) 254
651 #0 - SUBJECT ADDED ENTRY--GEOGRAPHIC NAME
Geographic name Alabama
General subdivision Social life and customs
Form subdivision Humor.
653 ## - INDEX TERM--UNCONTROLLED
Uncontrolled term ინგლისური ლიტერატურა
906 ## - LOCAL DATA ELEMENT F, LDF (RLIN)
a 7
b cbc
c orignew
d 3
e ncip
f 19
g y-gencatlg
942 ## - ADDED ENTRY ELEMENTS (KOHA)
Source of classification or shelving scheme
Koha item type Books
Holdings
Withdrawn status Lost status Source of classification or shelving scheme Damaged status Not for loan Permanent location Current location Date acquired Inventory number Total Checkouts Full call number Barcode Date last seen Price effective from Koha item type
          Ken Walker International University Ken Walker International University 03/11/2021 1682   821.111 B-89 1682 03/11/2021 03/11/2021 Books

Powered by Koha